000 nam a22 7a 4500
999 _c127033
_d127033
008 171005b xxu||||| |||| 00| 0 eng d
050 _aSPC DT1.T45 K14
100 _aKalenzi, Paul
_936704
245 _aCroix et reconciliation
_b1994 au Rwanda
_cPaul Kalenzi
260 _aParis
_bFacultes jesuites de Paris
_c2017
300 _aiii, 81p. ;
_c30cm.
500 _aThesis
650 _aRwanda
_xGenocide
_936705
942 _2lcc
_cREFERENCE